00817cam a2200217 450000500170000000800410001702000150005805000240007310000190009724000720011624501330018825000110032126000340033230000280036649000300039450000060042450400510043065000550048165000240053670000390056020240415140355.0 | sp d gr 00| 0 spa|d a8474232406 aHA29.5.S6bC54 19841 aClegg, Frances10aSimple statistics a course book for the social sciences.lEspañol10aEstadística fácilb : aplicada a las ciencias sociales c / Frances Clegg ; traducción castellana de Carlos Bidon-Chanal. a1a ed. aBarcelona :bCrítica,c1984 a304 p. :bil. ;c20 cm.0 aEstudios y ensayos ;v133 a  aIncluye apéndice, bibliografías e índice 72lembaCiencias sociales xMétodos estadísticos 72lembaEstadística1 aBidon-Chanal, Carlos, etraductor